00601nam a2200193Ii 450000100060000000300090000600800410001502000180005604000330007404100080010708200160011510000200013124501120015126400510026330000120031433600260032633700280035233800270038017549CO-ViMGA241108s9999||||xx |||||||||||||| ||und|| a9589587097191 aCO-ViMGAbspaerdacCO-ViMGA0 aspa04a152.46 F36e1 aAndrea Fiorenza10a99 estrategias para superar el miedo, la ansiedad y las fobias :btrucos para desatar los nudos de la mente 1aBogotá, Colombia : Circulo de Lectores, 2007 avolumen atextbtxt2rdacontent aunmediatedbn2rdamedia avolumebnc2rdacarrier